000
00236nam a2200097Ia 4500
001
652096
005
20250826154432.0
008
250824s9999 xx 000 0 und d
245
0
_a
KIRMIZI ARABANIN HAYALETİ
_c
AYTÜL AKAL
260
_b
TUDEM
999
_c
652096
_d
652096